000 nam a22 a 4500
999 _c3755
_d3755
003 AKMAL
005 20170524080128.0
008 170524s2005 my a e | a001 0 may d
020 _a983100261X (kkt.) :
_cRM22.00
040 _aAKMAL
082 0 4 _a796.069 MOH
_222
090 0 0 _a796.069
_bMOH
100 0 _aMohd Salleh Aman,
_cAssc. Prof., Dr
_97429
245 1 0 _aAsas pengurusan sukan /
_cMohd Salleh Aman
260 _aKuala Lumpur :
_bPenerbit Universiti Malaya,
_c2005
300 _axii, 174ms. :
_bil. ;
_c23cm.
500 _aMengandungi indeks
504 _aBibliografi : ms. 167-171
650 1 0 _aSports
_xManagement
_97430
650 2 0 _aSports administration
_97431
942 _2ddc
_cBOOK